Recollections / (Record no. 27484)
[ view plain ]
| 000 -LEADER | |
|---|---|
| fixed length control field | 00844nam a2200265 a 4500 |
| 001 - CONTROL NUMBER | |
| control field | 27484 |
| 003 - CONTROL NUMBER IDENTIFIER | |
| rucl marc code | BD-RjUL |
| 005 - DATE AND TIME OF LATEST TRANSACTION | |
| control field | 20211209051148.0 |
| 008 - FIXED-LENGTH DATA ELEMENTS--GENERAL INFORMATION | |
| fixed length control field | 140325s1918 enk 000 0 eng d |
| 035 ## - SYSTEM CONTROL NUMBER | |
| System control number | (BD-RjUL)27558 |
| System control number | (BD-RjUL)27558 |
| 040 ## - CATALOGING SOURCE | |
| Original cataloging agency | ISB |
| Transcribing agency | ISB |
| Modifying agency | BD-RjUL |
| Language of cataloging | eng |
| 041 ## - LANGUAGE CODE | |
| Language code of text/sound track or separate title | eng |
| 082 ## - DEWEY DECIMAL CLASSIFICATION NUMBER | |
| Classification number | 942.082 |
| Author mark and year | MOR 1918 |
| 100 1# - MAIN ENTRY--PERSONAL NAME | |
| Personal name | Morley, John, |
| Dates associated with a name | 1838-1923. |
| 9 (RLIN) | 72350 |
| 245 00 - TITLE STATEMENT | |
| Title | Recollections / |
| Statement of responsibility, etc. | by John viscount Morley |
| 260 ## - PUBLICATION, DISTRIBUTION, ETC. (IMPRINT) | |
| Place of publication, distribution, etc. | London : |
| Name of publisher, distributor, etc. | Macmillan, |
| Date of publication, distribution, etc. | 1918. |
| 300 ## - PHYSICAL DESCRIPTION | |
| Pagination | x ,192 p. : |
| Size | 23 cm. |
| Illustrations | ill. ; |
| 650 #0 - SUBJECT ADDED ENTRY--TOPICAL TERM | |
| Topical term or geographic name as entry element | Home rule |
| Geographic subdivision | Ireland |
| 9 (RLIN) | 84434 |
| 651 #0 - SUBJECT ADDED ENTRY--GEOGRAPHIC NAME | |
| Geographic name | Great Britain |
| General subdivision | Politics and government |
| Chronological subdivision | 1837-1901 |
| 9 (RLIN) | 10732 |
| Geographic name | Great Britain |
| General subdivision | Politics and government |
| Chronological subdivision | 1901-1910 |
| 9 (RLIN) | 76198 |
| Geographic name | Great Britain |
| General subdivision | Intellectual life |
| 9 (RLIN) | 84435 |
| Geographic name | Ireland |
| General subdivision | History |
| Chronological subdivision | 1837-1901 |
| 9 (RLIN) | 84436 |
| 942 ## - ADDED ENTRY ELEMENTS (KOHA) | |
| Source of classification or shelving scheme | Dewey Decimal Classification |
| Koha item type | Books |
| Lost status | Source of classification or shelving scheme | Damaged status | Not for loan | Collection code | Permanent Location | Current Location | Shelving location | Date acquired | Total Checkouts | Full call number | Date last seen | Copy number | Koha item type |
|---|---|---|---|---|---|---|---|---|---|---|---|---|---|
| Dewey Decimal Classification | Added to bundle | Non-fiction | Central Library, University of Rajshahi | Central Library, University of Rajshahi | Reading Room | 25/03/2014 | 942.082 MOR 1918 | 25/03/2014 | C-1 | Books |